[Event "Barcelona Sant Marti op-B 21st"]
[Site "Barcelona"]
[Date "2019.07.17"]
[Round "5"]
[White "Asatryan, Maria Cristina"]
[Black "Martinez Ayala, Pol"]
[Result "1-0"]
[WhiteElo "1425"]
[BlackElo "1070"]
[PlyCount "52"]
[EventDate "2019.07.13"]
[EventType "swiss"]
[EventRounds "9"]
[EventCountry "ESP"]
[SourceTitle "EXT 2020"]
[Source "ChessBase"]
[SourceDate "2019.10.17"]
[SourceVersion "1"]
[SourceVersionDate "2019.10.17"]
[SourceQuality "1"]

1. d4 d5 2. Bf4 c5 3. e3 Nc6 4. Nf3 Nf6 5. Nbd2 Qb6 6. b3 cxd4 7. exd4 Nxd4 8. Nxd4 Qxd4 9. Be3 Qe5 10. Be2 Bf5 11. 0-0 e6 12. Bb5+ Nd7 13. Bxd7+ Kxd7 14. Re1 Qc7 15. Rc1 Bd6 16. c4 Bxh2+ 17. Kh1 Rhe8 18. cxd5 Qb8 19. dxe6+ Rxe6 20. Nf3+ Rd6 21. Nd4 Be5 22. Qf3 Bxd4 23. Qxf5+ Kd8 24. Bf4 Rf6 25. Qd5+ Rd6 26. Bxd6 Qc8 1-0

[Event "Barcelona Sant Marti op-B 21st"]
[Site "Barcelona"]
[Date "2019.07.13"]
[Round "1"]
[White "Martinez Torras, Pol"]
[Black "Martinez Ayala, Pol"]
[Result "1-0"]
[WhiteElo "1674"]
[BlackElo "1070"]
[PlyCount "45"]
[EventDate "2019.07.13"]
[EventType "swiss"]
[EventRounds "9"]
[EventCountry "ESP"]
[SourceTitle "EXT 2020"]
[Source "ChessBase"]
[SourceDate "2019.10.17"]
[SourceVersion "1"]
[SourceVersionDate "2019.10.17"]
[SourceQuality "1"]

1. Nf3 d5 2. d4 c6 3. g3 e6 4. Bg2 f5 5. c4 Nf6 6. 0-0 Bd6 7. Nc3 0-0 8. Qc2 Ne4 9. Nd2 Bd7 10. a3 Nxc3 11. Qxc3 f4 12. b4 fxg3 13. hxg3 Rf6 14. e4 Rh6 15. exd5 exd5 16. cxd5 Qc7 17. Ne4 Rh5 18. Nxd6 Qxd6 19. Bf4 Qf6 20. dxc6 Bxc6 21. Qc4+ Kh8 22. Rfe1 g5 23. Be5 1-0